000 00526nam a2200205Ia 4500
003 OSt
005 20250922095714.0
008 250729s2005 xx 000 0 und d
020 _a978-8171692255
040 _cAL
041 _aeng
082 _a370 RAOC
100 _aRao V K
_9222735
245 _aComparitive educaton the methods of analysis and enquiry
260 _aNew Delhi
_bCommonwealth Publishers
_c2005
300 _a280p
650 _aEducation
_9222736
700 _aReddy R S
_9222737
942 _2ddc
_cBED
999 _c235587
_d235587